Το βιομηχανικό συγκρότημα της χαρτοποιίας Αιγίου
Αποθηκεύτηκε σε:
| Κύριος συγγραφέας: | |
|---|---|
| Άλλοι συγγραφείς: | |
| Μορφή: | Βιβλίο |
| Γλώσσα: | Greek |
| Δημοσίευση: |
Αθήνα :
Πολιτιστικό Ίδρυμα Ομίλου Πειραιώς,
c2004
|
| Σειρά: | Καταγραφή της βιομηχανικής κληρονομιάς
|
| Θέματα: | |
| Ετικέτες: |
Προσθήκη ετικέτας
Δεν υπάρχουν, Καταχωρήστε ετικέτα πρώτοι!
|
MARC
| LEADER | 00000cam a2200000 i 4500 | ||
|---|---|---|---|
| 001 | 1/13349 | ||
| 008 | 110530s2004 gre d | ||
| 020 | |a 960-244-083-X | ||
| 035 | |l 10110165 | ||
| 040 | |a GR-MY-UA |b gre |e aacr | ||
| 041 | 0 | |a gre | |
| 082 | 0 | |a 725.40949527 |2 (22) | |
| 100 | 1 | |a Αλεξίου, Μαργαρίτα. | |
| 245 | 1 | 3 | |a Το βιομηχανικό συγκρότημα της χαρτοποιίας Αιγίου / |c Μαργαρίτα Αλεξίου, Ελένη Εμμανουλοπούλου |
| 260 | |a Αθήνα : |b Πολιτιστικό Ίδρυμα Ομίλου Πειραιώς, |c c2004 | ||
| 300 | |a 143 σ.; |b εικ.; |c 28 εκ. | ||
| 490 | 1 | |a Καταγραφή της βιομηχανικής κληρονομιάς | |
| 504 | |a Βιβλιογραφία: σ. 143 | ||
| 650 | 0 | 0 | |a Papermaking machinery industry |z Greece |z Aigion |x History |y 20th century. |
| 650 | 0 | 0 | |a Industrial buildings |z Greece |z Aigion |x Design and construction. |
| 700 | 1 | |a Εμμανουλοπούλου, Ελένη. | |
| 830 | 0 | |a Καταγραφή της βιομηχανικής κληρονομιάς | |
| 852 | |a INST |b SYROS |e 20110713 |h 725.40949527 ΑΛΕ |p 005500009117 |q 005500009117 |t BK |y 0 | ||
| 901 | |a BIBL5-2011-2 | ||
| 909 | |a Ε |b 165597 | ||
| 970 | |a ΚΟΝΤΟΥ |b ΠΑΡΑΣΚΕΥΗ |z 2011/05/30 | ||